00345nam a2200133Ia 4500008004100000020001800041041000800059082001300067100002000080245004200100250000900142260003400151700002600185230717s9999 xx 000 0 und d a0-421-57650-2 aeng a342bPHI aPhillips L O H  aConstitutional And Administrative Law a8ed. aLondonbSweet & Maxwellc2001 a Jackson P, Leopold P